Top 100 Cities by International Travel - Statistics

General Stats
  • This quiz has been taken 94 times
  • The average score is 67 of 100
Answer Stats
Rank Arrivals (mil) Country Answer % Correct
3 19.9 UK London
99%
29 7.5 USA Los Angeles
98%
6 17.6 France Paris
98%
16 10.1 Italy Rome
96%
7 15.9 UAE Dubai
95%
10 13.4 Turkey Istanbul
95%
8 13.6 USA New York City
95%
37 6.4 Austria Vienna
95%
33 6.7 Spain Barcelona
94%
17 10 Japan Tokyo
94%
43 5.7 Greece Athens
93%
47 5.4 Spain Madrid
93%
25 8.4 Netherlands Amsterdam
91%
2 24.2 Thailand Bangkok
91%
30 7.5 China Shanghai
91%
58 4 China Beijing
90%
41 6 Germany Berlin
90%
1 29.3 China (territory) Hong Kong
90%
45 5.5 Russia Moscow
90%
5 18.6 Singapore Singapore
90%
63 3.5 Portugal Lisbon
89%
27 8.1 USA Miami
89%
24 8.4 South Korea Seoul
89%
55 4.1 Australia Sydney
89%
11 12.6 India New Delhi
88%
52 4.7 Vietnam Hanoi
87%
22 8.9 Czech Republic Prague
87%
60 3.9 Belgium Brussels
85%
42 5.8 Egypt Cairo
85%
61 3.9 Israel Jerusalem
85%
9 13.4 Malaysia Kuala Lumpur
85%
35 6.5 Italy Milan
85%
28 7.9 Japan Osaka
85%
59 4 Russia Saint Petersburg
85%
19 9.6 Taiwan Taipei
85%
62 3.8 Hungary Budapest
84%
50 5.2 Ireland Dublin
84%
14 10.6 India Mumbai
84%
72 2.9 USA San Francisco
84%
53 4.5 Canada Toronto
84%
57 4 Indonesia Jakarta
83%
83 2.7 Poland Warsaw
83%
31 7.2 Vietnam Ho Chi Minh City
80%
54 4.1 South Africa Johannesburg
80%
88 2.6 Sweden Stockholm
80%
71 3.1 Denmark Copenhagen
79%
49 5.3 Saudi Arabia Riyadh
79%
46 5.5 Italy Venice
79%
73 2.9 Australia Melbourne
78%
79 2.8 Israel Tel Aviv
78%
56 4.1 Germany Munich
77%
94 2.4 UAE Abu Dhabi
76%
85 2.7 Argentina Buenos Aires
76%
20 9.6 Saudi Arabia Mecca
76%
78 2.8 New Zealand Auckland
74%
67 3.3 Japan Kyoto
74%
98 2.3 Brazil Rio de Janeiro
73%
69 3.2 Canada Vancouver
73%
89 2.5 Peru Lima
72%
40 6 Mexico Cancun
71%
51 5.1 Italy Florence
71%
21 9 China Guangzhou
71%
74 2.9 Poland Krakow
70%
34 6.6 USA Las Vegas
70%
96 2.3 Portugal Porto
68%
75 2.8 Morocco Marrakesh
67%
32 7.2 Indonesia Denpasar
66%
87 2.6 Germany Frankfurt
66%
76 2.8 India Kolkata
66%
4 18.9 China (territory) Macau
66%
23 8.5 Saudi Arabia Medina
61%
92 2.5 France Nice
61%
44 5.6 USA Orlando
61%
12 12.4 Turkey Antalya
60%
13 12.2 China Shenzhen
57%
100 2.2 India Bengaluru
54%
15 10.6 Thailand Phuket
52%
36 6.4 India Chennai
51%
81 2.7 USA Honolulu
44%
26 8.1 India Agra
39%
90 2.5 Vietnam Da Nang
32%
93 2.4 Japan Fukuoka
32%
39 6.4 India Jaipur
32%
66 3.4 Greece Heraklion
30%
70 3.2 Thailand Chiang Mai
29%
77 2.8 Philippines Cebu City
28%
65 3.4 Malaysia George Town
28%
18 9.6 Thailand Pattaya
27%
64 3.5 Saudi Arabia Dammam
26%
38 6.4 Malaysia Johor Bahru
24%
95 2.3 South Korea Jeju
22%
97 2.3 Greece Rhodes
21%
82 2.7 Egypt Hurghada
12%
48 5.3 Vietnam Ha Long
7%
99 2.3 Thailand Krabi
5%
86 2.7 Japan Chiba
4%
91 2.5 Indonesia Batam
2%
84 2.7 Turkey Muğla
2%
80 2.7 China Guilin
1%
68 3.3 China Zhuhai
1%
No matching quizzes found
Score Distribution
Percent of People with Each Score
Percentile by Number Answered
Your Score History
You have not taken this quiz